[Event "St Petersburg Autumn op"]
[Site "St Petersburg"]
[Date "2010.10.21"]
[Round "6"]
[White "Svidinsky, Dmitry"]
[Black "Lobanov, Sergey"]
[Result "1-0"]
[WhiteElo "2172"]
[BlackElo "2038"]
[PlyCount "69"]
[EventDate "2010.10.16"]
[EventType "swiss"]
[EventRounds "9"]
[EventCountry "RUS"]
[SourceTitle "EXT 2011"]
[Source "ChessBase"]
[SourceDate "2010.11.26"]
[SourceVersion "1"]
[SourceVersionDate "2010.11.26"]
[SourceQuality "1"]

1. e4 e5 2. Nf3 Nc6 3. Bb5 a6 4. Ba4 Nf6 5. 0-0 Be7 6. Re1 b5 7. Bb3 Bb7 8. d4 Nxd4 9. Bxf7+ Kf8 10. Nxd4 Kxf7 11. Nf3 Rf8 12. Nxe5+ Kg8 13. Nc3 b4 14. Nd5 Nxd5 15. exd5 Bd6 16. f4 Bc5+ 17. Kh1 Rf6 18. c4 bxc3 19. bxc3 Rh6 20. Ng4 Rh4 21. Be3 Bxe3 22. Rxe3 h5 23. Ne5 Rxf4 24. Qxh5 Qf6 25. Nf3 Rf5 26. Re8+ Rxe8 27. Qxe8+ Kh7 28. h4 Qxc3 29. Rd1 Bxd5 30. Rxd5 Qc1+ 31. Ng1 Qf4 32. Rxf5 Qxf5 33. Nf3 Qb1+ 34. Kh2 Qxa2 35. Qxd7 1-0

[Event "Kostroma Volga Cup op"]
[Site "Kostroma"]
[Date "2010.07.??"]
[Round "5"]
[White "Krylov, Ivan"]
[Black "Lobanov, Sergey"]
[Result "1/2-1/2"]
[WhiteElo "2004"]
[BlackElo "1821"]
[PlyCount "83"]
[EventDate "2010.07.??"]
[EventType "swiss"]
[EventRounds "9"]
[EventCountry "RUS"]
[SourceTitle "EXT 2011"]
[Source "ChessBase"]
[SourceDate "2010.11.26"]
[SourceVersion "1"]
[SourceVersionDate "2010.11.26"]
[SourceQuality "1"]

1. c4 f5 2. g3 Nf6 3. Bg2 d6 4. d4 c6 5. Nc3 Qc7 6. Bg5 Nbd7 7. e4 h6 8. Be3 Nb6 9. b3 e5 10. Nge2 a5 11. 0-0 Be7 12. h3 0-0 13. f4 exd4 14. Qxd4 c5 15. Qd2 Nxe4 16. Nxe4 fxe4 17. Nc3 Bf6 18. Nb5 Qc6 19. Qxd6 Qxd6 20. Nxd6 Bxa1 21. Rxa1 a4 22. Re1 axb3 23. axb3 Ra3 24. Bxc5 Rxb3 25. Rxe4 Nd7 26. Bf2 Nf6 27. Re7 Rd8 28. c5 Rb1+ 29. Kh2 b6 30. Nxc8 Rxc8 31. cxb6 Rc2 32. Bd4 Rd2 33. Bxf6 gxf6 34. b7 Rbb2 35. Re8+ Kf7 36. b8Q Rxg2+ 37. Kh1 Rxb8 38. Rxb8 Rxg3 39. Kh2 Rf3 40. Rb4 Kg6 41. Kg2 Re3 42. Rb5 1/2-1/2

[Event "Kostroma Volga Cup op"]
[Site "Kostroma"]
[Date "2010.07.??"]
[Round "6"]
[White "Tereshechkina, Maya"]
[Black "Lobanov, Sergey"]
[Result "0-1"]
[WhiteElo "2016"]
[BlackElo "1821"]
[PlyCount "70"]
[EventDate "2010.07.??"]
[EventType "swiss"]
[EventRounds "9"]
[EventCountry "RUS"]
[SourceTitle "EXT 2011"]
[Source "ChessBase"]
[SourceDate "2010.11.26"]
[SourceVersion "1"]
[SourceVersionDate "2010.11.26"]
[SourceQuality "1"]

1. d4 f5 2. c4 Nf6 3. Nc3 d6 4. Nf3 c6 5. Qc2 g6 6. e4 fxe4 7. Nxe4 Nxe4 8. Qxe4 Bf5 9. Qf4 Bg7 10. g4 e5 11. dxe5 dxe5 12. Qg3 Be4 13. Be2 0-0 14. 0-0 Bxf3 15. Bxf3 a5 16. Be3 Na6 17. Rad1 Qc7 18. Be4 Rae8 19. f3 Qe7 20. Qf2 Rf7 21. a3 Bf8 22. Bb6 Nc5 23. Rfe1 Rf4 24. Bxa5 Qe6 25. Bb1 Qf7 26. Re3 Ne6 27. b4 Ng5 28. Kg2 e4 29. c5 exf3+ 30. Kf1 Rxe3 31. Qxe3 Rxg4 32. Bd3 Nh3 33. Rc1 Bh6 34. Bc4 Bxe3 35. Bxf7+ Kxf7 0-1

[Event "Uljanovsk"]
[Site "Uljanovsk"]
[Date "2009.01.08"]
[Round "10"]
[White "Abdurahmanov, Afer"]
[Black "Lobanov, Sergey"]
[Result "0-1"]
[WhiteElo "1798"]
[BlackElo "1821"]
[PlyCount "84"]
[EventDate "2009.01.02"]
[EventType "tourn"]
[EventRounds "15"]
[EventCountry "RUS"]
[SourceTitle "EXT 2012"]
[Source "ChessBase"]
[SourceDate "2011.11.24"]
[SourceVersion "1"]
[SourceVersionDate "2011.11.24"]
[SourceQuality "1"]

1. d4 f5 2. c4 Nf6 3. Nc3 e6 4. a3 Be7 5. Nf3 0-0 6. Qc2 d5 7. c5 Nc6 8. b4 a6 9. Bf4 Ne4 10. e3 Bf6 11. Be2 Bd7 12. Nxe4 fxe4 13. Nd2 e5 14. dxe5 Nxe5 15. 0-0-0 c6 16. Nb3 b6 17. f3 exf3 18. gxf3 Be6 19. cxb6 Qxb6 20. Nd4 Bf7 21. Bxe5 Bxe5 22. Qc5 Qc7 23. h4 Bd6 24. Qc2 Bg6 25. Bd3 Bxd3 26. Qxd3 c5 27. Ne6 Qf7 28. Nxf8 Bxf8 29. Qxd5 Qxd5 30. Rxd5 cxb4 31. axb4 Bxb4 32. Rhd1 Kf7 33. h5 a5 34. e4 a4 35. Kb1 a3 36. Ka2 Rc8 37. Kb3 Be7 38. Rb5 Rc7 39. Rd2 Ra7 40. Ka2 Rc7 41. e5 Ke6 42. f4 Kf5 0-1